[Event "ODJM A 2016"]
[Site "Willingen GER"]
[Date "2016.05.15"]
[Round "1"]
[White "Wolff, Marie Antoinette"]
[Black "Kublanov, Carolin"]
[Result "0-1"]
[Termination "normal"]
[Board "53"]
[WhiteElo "1786"]
[BlackElo "1541"]
[PlyCount "136"]
[WhiteFideId "12908258"]
[BlackFideId "12944548"]
[EventCountry "GER"]
[EventRounds "9"]
[EventType "swiss"]
[EventDate "2016.05.14"]

1. c4 e5 2. Nc3 Nf6 3. g3 Nc6 4. Bg2 Bb4 5. Nf3 Bxc3 6. bxc3 d6 7. d3 h6 8. O-O
O-O 9. Ba3 Be6 10. Rb1 Rb8 11. Nd2 Qd7 12. Re1 Bh3 13. Bh1 Ng4 14. Bf3 f5 15.
e3 Rf6 16. Qe2 Rbf8 17. Bg2 Bxg2 18. Kxg2 f4 19. exf4 exf4 20. f3 Ne3+ 21. Kg1
Nc2 22. Rec1 Nxa3 23. Rb3 Nxc4 24. dxc4 fxg3 25. hxg3 Qh3 26. Qg2 Qxg2+ 27.
Kxg2 b6 28. Rf1 Re6 29. Kf2 Rfe8 30. Ne4 Na5 31. Ra3 Nxc4 32. Rxa7 d5 33. Rxc7
Na3 34. Rd1 dxe4 35. Rdd7 e3+ 36. Kg2 Rg6 37. g4 Nc2 38. a4 Ra8 39. Rc4 Rg5 40.
Rb7 Rd5 41. Re4 Rad8 42. f4 Rd2+ 43. Kf3 Rf2+ 44. Kg3 Rdd2 45. Ree7 Rg2+ 46.
Kh4 Rh2+ 47. Kg3 Rdg2+ 48. Kf3 Ne1+ 49. Kxe3 Rxg4 50. Rf7 Rh3+ 51. Ke4 Rxc3 52.
Kf5 Rg2 53. Rfe7 Rc5+ 54. Re5 Nd3 55. Rxc5 Nxc5 56. Rxb6 Nxa4 57. Rb8+ Kh7 58.
Ke5 Nc5 59. Kd6 Ne4+ 60. Ke6 Nf6 61. Rb7 h5 62. Rb3 Rh2 63. Rg3 h4 64. Rg1 h3
65. Kf7 Rg2 66. Rh1 h2 67. f5 Ng4 68. Rxh2+ Rxh2 0-1

[Event "ODJM A 2016"]
[Site "Willingen GER"]
[Date "2016.05.15"]
[Round "1"]
[White "Troyke, Jannis"]
[Black "Weinkauf, Viktor"]
[Result "1-0"]
[Termination "normal"]
[Board "54"]
[WhiteElo "1760"]
[BlackElo "1847"]
[PlyCount "65"]
[WhiteFideId "12993115"]
[BlackFideId "1272036"]
[EventCountry "GER"]
[EventRounds "9"]
[EventType "swiss"]
[EventDate "2016.05.14"]

1. e4 e6 2. d4 d5 3. Nd2 c5 4. Ngf3 Nc6 5. exd5 exd5 6. dxc5 Bxc5 7. Nb3 Bb6 8.
c3 Bg4 9. Be2 Nf6 10. O-O O-O 11. h3 Bh5 12. Bf4 Ne4 13. Qd3 Bg6 14. Qd1 Qf6
15. Bh2 Rad8 16. a4 d4 17. cxd4 Nxd4 18. Nbxd4 Bxd4 19. Qb3 Bxb2 20. Ra2 Bc3
21. Qxb7 Qe6 22. Ra3 Rd7 23. Qb3 Qxb3 24. Rxb3 Ba5 25. Bb5 Rd5 26. Bf4 Nc5 27.
Re3 a6 28. Bc6 Rf5 29. Bd6 Rc8 30. Nd4 Bd2 31. Nxf5 Bxe3 32. Ne7+ Kh8 33. Nxc8
1-0

[Event "ODJM A 2016"]
[Site "Willingen GER"]
[Date "2016.05.15"]
[Round "1"]
[White "Richter, Nils"]
[Black "Bilecen, Simon"]
[Result "1/2-1/2"]
[Termination "normal"]
[Board "55"]
[WhiteElo "1826"]
[BlackElo "1474"]
[PlyCount "59"]
[WhiteFideId "12990809"]
[BlackFideId "16225511"]
[EventCountry "GER"]
[EventRounds "9"]
[EventType "swiss"]
[EventDate "2016.05.14"]

1. e4 c5 2. Nf3 Nc6 3. d4 cxd4 4. Nxd4 Qb6 5. Nb3 Nf6 6. Nc3 e6 7. Be3 Qc7 8.
a3 a6 9. Be2 Be7 10. O-O b5 11. f4 d6 12. Bf3 Bb7 13. Kh1 h5 14. Qe2 O-O-O 15.
Rad1 Rdg8 16. Nd4 h4 17. Nxc6 Bxc6 18. e5 Ne8 19. a4 Bxf3 20. Rxf3 Qc4 21.
Qxc4+ bxc4 22. exd6 Nxd6 23. Bc5 Rd8 24. Bxd6 Rxd6 25. Rxd6 Bxd6 26. Ne4 Bc7
27. Kg1 Rd8 28. Kf2 f6 29. g4 Rd4 30. Ke3 1/2-1/2

[Event "ODJM A 2016"]
[Site "Willingen GER"]
[Date "2016.05.15"]
[Round "1"]
[White "Stockter, Jasper Enno"]
[Black "Wieber, Dominik"]
[Result "1/2-1/2"]
[Termination "normal"]
[Board "56"]
[WhiteElo "1479"]
[BlackElo "1855"]
[PlyCount "43"]
[WhiteFideId "12957291"]
[BlackFideId "24699012"]
[EventCountry "GER"]
[EventRounds "9"]
[EventType "swiss"]
[EventDate "2016.05.14"]

1. e4 e5 2. Nf3 Nc6 3. d4 exd4 4. Nxd4 Bc5 5. Be3 Qf6 6. Nb5 Bxe3 7. fxe3 Qd8
8. N1c3 a6 9. Nd4 Nge7 10. Qf3 d6 11. Bd3 Ne5 12. Qg3 N7g6 13. O-O O-O 14. Nf5
f6 15. h4 Rf7 16. h5 Bxf5 17. exf5 Ne7 18. Ne2 h6 19. Nd4 N7c6 20. Be4 Nxd4 21.
exd4 d5 22. dxe5 1/2-1/2

[Event "ODJM A 2016"]
[Site "Willingen GER"]
[Date "2016.05.15"]
[Round "1"]
[White "Schilay, Lorenz"]
[Black "Hoppe, Nico"]
[Result "1-0"]
[Termination "normal"]
[Board "57"]
[WhiteElo "1762"]
[BlackElo "1459"]
[PlyCount "65"]
[WhiteFideId "12930180"]
[BlackFideId "16225520"]
[EventCountry "GER"]
[EventRounds "9"]
[EventType "swiss"]
[EventDate "2016.05.14"]

1. e4 Nf6 2. Nc3 d5 3. exd5 Nxd5 4. Bc4 Nxc3 5. Qf3 e6 6. dxc3 Nc6 7. Bf4 Bd6
8. Rd1 Qe7 9. Bxd6 cxd6 10. Qg3 O-O 11. Qxd6 Qh4 12. Bd3 e5 13. Qd5 g6 14. Nf3
Qf6 15. O-O Bf5 16. Bxf5 Qxf5 17. Qd7 Qxc2 18. Qxb7 Na5 19. Qb5 Rfd8 20. Rxd8+
Rxd8 21. Qxa5 Rd1 22. Qb5 e4 23. Rxd1 Qxd1+ 24. Qf1 Qc2 25. Ng5 f5 26. Qc4+ Kg7
27. Qc7+ Kh6 28. h4 Kh5 29. Qxh7+ Kg4 30. f3+ Kg3 31. Nxe4+ fxe4 32. Qxg6+ Kf4
33. Qxe4+ 1-0

[Event "ODJM A 2016"]
[Site "Willingen GER"]
[Date "2016.05.15"]
[Round "1"]
[White "Fischer, Maxi"]
[Black "Weber, Jannis"]
[Result "1/2-1/2"]
[Termination "normal"]
[Board "58"]
[WhiteElo "1640"]
[BlackElo "1865"]
[PlyCount "58"]
[WhiteFideId "24692395"]
[BlackFideId "12990760"]
[EventCountry "GER"]
[EventRounds "9"]
[EventType "swiss"]
[EventDate "2016.05.14"]

1. e4 c5 2. Nf3 d6 3. d4 cxd4 4. Nxd4 Nf6 5. Nc3 a6 6. h3 h5 7. Be3 e5 8. Nf3
Be7 9. a4 b6 10. Bc4 Bb7 11. Ng5 O-O 12. Qd2 Nbd7 13. O-O Rc8 14. Ba2 Nc5 15.
Bxc5 Rxc5 16. Rad1 Qc8 17. Rfe1 b5 18. axb5 axb5 19. Bb3 Nd7 20. h4 Nb6 21.
Nxb5 Rxb5 22. Qe2 Rb4 23. Qxh5 Bxg5 24. hxg5 Rxb3 25. cxb3 Qe6 26. Rd3 g6 27.
Qh6 f5 28. gxf6 Qxf6 29. Qd2 Rd8 1/2-1/2

[Event "ODJM A 2016"]
[Site "Willingen GER"]
[Date "2016.05.15"]
[Round "1"]
[White "Bethke, Robert"]
[Black "Buller, Ian Joshua"]
[Result "1/2-1/2"]
[Termination "normal"]
[Board "59"]
[WhiteElo "1713"]
[BlackElo "1424"]
[PlyCount "111"]
[WhiteFideId "12959251"]
[BlackFideId "12990655"]
[EventCountry "GER"]
[EventRounds "9"]
[EventType "swiss"]
[EventDate "2016.05.14"]

1. c4 e5 2. Nc3 Nf6 3. Nf3 Nc6 4. g3 d5 5. cxd5 Nxd5 6. d3 Be7 7. Bg2 Be6 8.
O-O O-O 9. Bd2 Qd7 10. Rc1 f5 11. a3 f4 12. b4 a6 13. Ne4 fxg3 14. fxg3 h6 15.
Nc5 Bxc5+ 16. Rxc5 b6 17. Rc1 Bg4 18. Qb3 Kh8 19. Nh4 Rxf1+ 20. Rxf1 Be6 21.
Ng6+ Kg8 22. Qb2 Qd6 23. Rf2 Nd4 24. Bc3 Nxc3 25. Qxc3 Rd8 26. Nh4 Bg4 27. Nf3
Nxf3+ 28. Bxf3 Bxf3 29. Rxf3 Qd4+ 30. Qxd4 exd4 31. Rf1 Re8 32. Rf2 c5 33. bxc5
bxc5 34. Kf1 Rb8 35. Rf5 Rb5 36. Ke1 Rb3 37. Kd2 Rxa3 38. Rxc5 Ra2+ 39. Ke1 Ra4
40. Rc7 Ra1+ 41. Kf2 a5 42. Ra7 a4 43. Kf3 a3 44. h4 a2 45. Ke4 Rg1 46. Rxa2
Rxg3 47. Kf4 Re3 48. Kf5 Kh7 49. Ra4 Rxe2 50. Rxd4 Rd2 51. h5 Rh2 52. Kg4 Rg2+
53. Kh3 Rg5 54. Rh4 Rd5 55. d4 Rg5 56. Kh2 1/2-1/2